书目信息 |
| 题名: |
园林植物遗传育种
|
|
| 作者: | 李淑芹 主编 | |
| 分册: | ||
| 出版信息: | 重庆 重庆大学出版社 2010.9 |
|
| 页数: | 217页 | |
| 开本: | 26cm | |
| 丛书名: | ||
| 单 册: | ||
| 中图分类: | S680.32 | |
| 科图分类: | ||
| 主题词: | 园林植物--遗传育种--高等教育--教材 , 园林植物 , 遗传育种 | |
| 电子资源: | ||
| ISBN: | 978-7-5624-3592-1 | |
| 000 | 00910nam0 2200265 45 | |
| 001 | 1354554077 | |
| 005 | 20130510093548.84 | |
| 010 | @a978-7-5624-3592-1@dCNY28.00 | |
| 100 | @a20130108d2010 em y0chiy0110 ea | |
| 101 | 0 | @achi |
| 102 | @aCN@b500000 | |
| 105 | @aa z 000yy | |
| 106 | @ar | |
| 200 | 1 | @a园林植物遗传育种@Ayuan lin zhi wu yi chuan yu zhong@f李淑芹主编@FLi Shu Qin Zhu Bian |
| 210 | @a重庆@c重庆大学出版社@d2010.9 | |
| 215 | @a217页@c图@d26cm | |
| 300 | @a高等职业教育园林类专业系列教材 | |
| 330 | @a本书内容包括绪论、园林植物的细胞学基础、遗传物质的分子基础、遗传的基本规律、园林植物种质资源、园林植物引种、宿根花卉育种、球根花卉育种等。 | |
| 606 | 0 | @a园林植物@x遗传育种@x高等教育@j教材 |
| 606 | 0 | @a园林植物 |
| 606 | 0 | @a遗传育种 |
| 690 | @aS680.32@v5 | |
| 701 | 0 | @a李淑芹@Ali shu qin@c(林业)@4主编 |
| 801 | @aCN@bTANGWEI@c20130111 | |
| 905 | @b0830863-65@dS680.32@e231@f3 | |
| 园林植物遗传育种/李淑芹主编.-重庆:重庆大学出版社,2010.9 |
| 217页:图;26cm |
| 高等职业教育园林类专业系列教材 |
| ISBN 978-7-5624-3592-1:CNY28.00 |
| 本书内容包括绪论、园林植物的细胞学基础、遗传物质的分子基础、遗传的基本规律、园林植物种质资源、园林植物引种、宿根花卉育种、球根花卉育种等。 |
| ● |
| 相关链接 |
|
|
|
|
正题名:园林植物遗传育种
索取号:S680.32/231
 
预约/预借
| 序号 | 登录号 | 条形码 | 馆藏地/架位号 | 状态 | 备注 |
| 1 | 0830863 | 208308632 | 第二样本阅览室/ [索取号:S680.32/231] | 在馆 | |
| 2 | 0830864 | 208308641 | 第三借阅区/ [索取号:S680.32/231] | 在馆 | |
| 3 | 0830865 | 208308650 | 第三借阅区/ [索取号:S680.32/231] | 在馆 |